|
|
|
|
| LEADER |
00000nas a2200000 i 4500 |
| 001 |
ssj0001053390 |
| 003 |
WaSeSS |
| 005 |
20200512172242.0 |
| 006 |
m d |
| 007 |
cr n |
| 008 |
130710c20109999ck fr p s u0 0spa c |
| 010 |
|
|
|a 2013254126
|
| 022 |
|
|
|a 2215-8421
|l 2215-8421
|
| 035 |
|
|
|a (WaSeSS)ssj0001053390
|
| 040 |
|
|
|a CNCGM
|b eng
|c CNCGM
|d CUS
|d OCLCF
|d OCLCO
|d OCLCQ
|d AU@
|d WaSeSS
|
| 042 |
|
|
|a pcc
|
| 043 |
|
|
|a cl-----
|
| 050 |
1 |
4 |
|a L45
|
| 210 |
0 |
|
|a Voces y silen. rev. latinoam. educ.
|b (En linéa)
|
| 222 |
|
0 |
|a Voces y silencios, revista latinoamericana de educación
|b (En linéa)
|
| 245 |
0 |
0 |
|a Voces y silencios, revista latinoamericana de educación
|h [electronic resource].
|
| 246 |
1 |
|
|a Voces y silencios
|
| 260 |
|
|
|a Bogota, Colombia :
|b Centro de Investigacion y Formacion en Education, CIFE de la Universidad de los Andes, 2010-
|
| 310 |
|
|
|a Semiannual
|
| 362 |
1 |
|
|a Began with vol. 1, no. 1 (junio 2010).
|
| 506 |
|
|
|a License restrictions may limit access.
|
| 588 |
|
|
|a Description based on: Vol. 1, no. 1 (junio 2010); title from journal home page (publisher's Web site, viewed Nov. 15, 2013).
|
| 588 |
|
|
|a Latest issue consulted: Vol. 4, no. 1 (2013) (viewed Nov. 15, 2013).
|
| 650 |
|
0 |
|a Education
|v Periodicals.
|
| 650 |
|
0 |
|a Education
|z Latin America
|v Periodicals.
|
| 650 |
|
7 |
|a Education.
|2 fast
|0 (OCoLC)fst00902499
|
| 651 |
|
7 |
|a Latin America.
|2 fast
|0 (OCoLC)fst01245945
|
| 655 |
|
0 |
|a Electronic journals.
|
| 710 |
2 |
|
|a Universidad de los Andes (Bogotá, Colombia).
|b Centro de Investigación y Formación en Educación.
|
| 856 |
4 |
0 |
|z Full text available from Research Library: 01/01/2010 to 01/31/2017
|u https://search.proquest.com/publication/2040124
|